000 00550nam a22001817a 4500
005 20251108174949.0
008 250721s2010 xx 000 0 ara d
082 1 4 _a923.1/عبد
100 1 _aعبد الفتاح، عصام
_eمؤلف
245 1 0 _aالاسكندر الأكبر أسطورة كل زمان /
264 1 _aالقاهرة :
_bمكتبة جزيرة الورد،
_c2010.
300 _a168ص.
650 1 7 _aالتراجم
650 1 7 _aتاريخ مصر
650 1 7 _aرؤساء الدول
942 _2ddc
_cBK
999 _c122639
_d122639